Parki Krajobrazowe w województwie Podkarpackim - Statystyki

Ogólne statystyki
  • Ten quiz został rozwiązany 30 razy
  • Średni wynik to 4 z 7
Statystyki odpowiedzi
Hint Odpowiedź % Poprawnych
Podkarpackie Jaśliski Park Krajobrazowy
69%
Podkarpackie Park Krajobrazowy Doliny Sanu
69%
Podkarpackie Park Krajobrazowy Gór Słonnych
69%
Podkarpackie Południoworoztoczański Park Krajobrazowy
69%
Podkarpackie Ciśniańsko - Wetliński Park Krajobrazowy
56%
Podkarpackie Czarnorzecko - Strzyżowski Park Krajobrazowy
50%
Podkarpackie Park Krajobrazowy Pogórza Przemyskiego
50%
Nie znaleziono quizów pasujących do podanych kryteriów
Rozkład punktacji
Procent ludzi z każdym wynikiem
Percentyl według liczby udzielonych odpowiedzi
Twoja historia wyników
Nie rozwiązałeś tego quizu